| 000 | 01189nam a22003497a 4500 | ||
|---|---|---|---|
| 003 | CHAP | ||
| 005 | 20220329143534.0 | ||
| 008 | 100426s2004 fr r 00010 eng d | ||
| 010 | _a98234 | ||
| 011 | _a99206 | ||
| 020 | _a9264103929 | ||
| 035 | _a109891 | ||
| 040 | _cCHAP | ||
| 082 | 0 | 0 |
_a338.94 _bOc19 2003/12 |
| 110 | 2 |
_aOrganización para la Cooperación y el Desarrollo Económicos. París _983559 |
|
| 245 | 1 | 0 |
_aOECD economic surveys : _bEuro area 2002-2003 _c/by Organización de Cooperación y Desarrollo Económicos |
| 260 |
_aParis : _bOECD, _cc2003 |
||
| 300 |
_a208 p. : _bgráfs., tablas |
||
| 490 | _aEconomía | ||
| 590 |
_aBATCH-UPD _b10 _c20130110 _lUCH01 _h1232 |
||
| 590 |
_aBATCH-UPD _b10 _c20130410 _lUCH01 _h0802 |
||
| 590 |
_aBATCH-UPD _b10 _c20130914 _lUCH01 _h1333 |
||
| 590 |
_aCONVERSION _b10 _c20130109 _lUCH01 _h1354 |
||
| 650 | 1 | 4 |
_aEuropa _xCondiciones económicas. _938863 |
| 650 | 1 | 4 |
_aPolítica económica _xEuropa. _990506 |
| 650 | 1 | 4 |
_aPublicaciones periódicas. _992714 |
| 830 |
_aEconomía _935227 |
||
| 901 | _aBK | ||
| 911 | _aen proceso | ||
| 942 | _cLIBRO | ||
| 949 |
_a338.94 Oc19 2003/12 _bBC _cLIBRO _d33724002125520 _eLIBRO _h112367 _i109891 _sb |
||
| 999 |
_c98234 _d98234 |
||